[Event "Chigorin Mem Blitz 2015"]
[Site "St Petersburg RUS"]
[Date "2015.10.02"]
[Round "6.8"]
[White "Popov, Valerij"]
[Black "Arslanov, Shamil"]
[Result "1-0"]
[WhiteTitle "GM"]
[BlackTitle "IM"]
[WhiteElo "2525"]
[BlackElo "2416"]
[WhiteFideId "4119410"]
[BlackFideId "4192826"]
[EventDate "2015.10.02"]

1. Nf3 Nf6 2. c4 c6 3. Nc3 d5 4. e3 e6 5. d4 Nbd7 6. Bd3 dxc4 7. Bxc4 b5 8. Bd3
Bb7 9. O-O a6 10. a4 b4 11. Ne4 c5 12. Nxf6+ Nxf6 13. dxc5 Qd5 14. c6 Bxc6 15.
Qe2 Qh5 16. Rd1 Bd6 17. h3 O-O 18. Bxh7+ Qxh7 19. Rxd6 Bd5 20. Nd4 Rac8 21. Bd2
e5 22. Nf3 Bc4 23. Qd1 Ne4 24. Rd7 a5 25. Be1 Qf5 26. Ra7 Nc5 27. Nd2 Bd5 28.
Rxa5 Qg6 29. Qg4 Qb6 30. Rb5 Qa6 31. Qxb4 Nd3 32. Qg4 Rcd8 33. Nf3 Be6 34. Qg3
Nxe1 35. Rxe1 Qxa4 36. Rxe5 Qb4 37. Rg5 g6 38. h4 Bd5 39. Rb1 Be4 40. Rf1 Bd3
41. Rd1 Qb3 42. Rd2 f6 43. Rxg6+ Bxg6 44. Qxg6+ Kh8 45. Rxd8 1-0

[Event "Chigorin Mem Blitz 2015"]
[Site "St Petersburg RUS"]
[Date "2015.10.02"]
[Round "6.9"]
[White "Novik, Maxim"]
[Black "Pridorozhni, Aleksei"]
[Result "0-1"]
[WhiteTitle "GM"]
[BlackTitle "GM"]
[WhiteElo "2484"]
[BlackElo "2575"]
[WhiteFideId "4102924"]
[BlackFideId "4127870"]
[EventDate "2015.10.02"]

1. Nf3 e6 2. g3 b6 3. Bg2 Bb7 4. O-O a5 5. d3 Nf6 6. e4 d5 7. Nbd2 Be7 8. Re1 c5
9. exd5 exd5 10. Ne5 O-O 11. c3 Nbd7 12. d4 Bd6 13. Nf1 Re8 14. Bf4 Qc7 15. Nxd7
Qxd7 16. Bxd6 Qxd6 17. Ne3 Rad8 18. Qd3 c4 19. Qf5 Bc8 20. Qc2 b5 21. h3 Re7 22.
Re2 g6 23. Rae1 Be6 24. Kh2 Rc7 25. Qd2 h5 26. Kg1 Kg7 27. Nc2 Bf5 28. Re5 Be4
29. f3 Bxc2 30. Qxc2 Nd7 31. f4 Nxe5 32. fxe5 Qe7 33. Rf1 Rc6 34. Qe2 Re6 35.
Qd2 f6 36. exf6+ Rxf6 37. Re1 Re6 38. Rf1 Re2 39. Qf4 Qe3+ 40. Qxe3 Rxe3 41. Kf2
Rde8 42. Bf3 Rd3 43. Bxd5 Rd2+ 44. Kg1 Rxb2 45. g4 hxg4 46. hxg4 Kh6 47. Bf3 Re3 0-1

[Event "Chigorin Mem Blitz 2015"]
[Site "St Petersburg RUS"]
[Date "2015.10.02"]
[Round "6.10"]
[White "Gogin, Maksim"]
[Black "Sandipan, Chanda"]
[Result "0-1"]
[BlackTitle "GM"]
[WhiteElo "2220"]
[BlackElo "2567"]
[WhiteFideId "24195871"]
[BlackFideId "5004225"]
[EventDate "2015.10.02"]

1. d4 d5 2. Nf3 Nf6 3. c4 c6 4. Qb3 dxc4 5. Qxc4 Bg4 6. Nc3 Nbd7 7. e4 Bxf3 8.
gxf3 e5 9. Be3 Be7 10. O-O-O Qa5 11. Bh3 O-O 12. f4 Nb6 13. Qb3 exd4 14. Bxd4 c5
15. Be3 c4 16. Qc2 Bb4 17. Bd4 Bxc3 18. Bxc3 Qh5 19. Rhg1 Qh4 20. Qd2 Na4 21.
Bd4 Kh8 22. Qe3 Rg8 23. Rg3 Rae8 24. e5 Nd5 25. Qa3 b5 26. Rg4 Qh6 27. Kb1 Nxf4
28. Bf1 Qh5 29. f3 Qf5+ 30. Ka1 Rd8 31. Qe3 Ne6 32. Re4 Nac5 33. Rh4 Rd5 34. Bh3
Qg5 35. Qxg5 Nxg5 36. Bg2 Nge6 37. Rd2 Rgd8 38. Bxc5 Rxd2 0-1

[Event "Chigorin Mem Blitz 2015"]
[Site "St Petersburg RUS"]
[Date "2015.10.02"]
[Round "6.11"]
[White "Rozum, Ivan"]
[Black "Iljiushenok, Ilia"]
[Result "0-1"]
[WhiteTitle "GM"]
[BlackTitle "IM"]
[WhiteElo "2547"]
[BlackElo "2491"]
[WhiteFideId "24104272"]
[BlackFideId "24105074"]
[EventDate "2015.10.02"]

1. Nf3 d5 2. g3 Nc6 3. Bg2 e5 4. d3 f6 5. c3 Be6 6. b4 Qd7 7. Nbd2 g5 8. Bb2 g4
9. Nh4 Nge7 10. a3 Ng6 11. Nxg6 hxg6 12. c4 Rd8 13. e3 dxc4 14. dxc4 Qd3 15. Be4
Qd7 16. Bxg6+ Bf7 17. Bxf7+ Kxf7 18. Qc2 Bxb4 19. axb4 Nxb4 20. Qc3 Nd3+ 21. Ke2
Nxf2 22. h4 Nxh1 23. Rxh1 Qc6 24. Rh2 Rd7 25. Qc2 Rhd8 26. Qh7+ Ke8 0-1

[Event "Chigorin Mem Blitz 2015"]
[Site "St Petersburg RUS"]
[Date "2015.10.02"]
[Round "6.12"]
[White "Smirnov, Timofey"]
[Black "Paravyan, David"]
[Result "1-0"]
[BlackTitle "IM"]
[WhiteElo "2289"]
[BlackElo "2486"]
[WhiteFideId "24176427"]
[BlackFideId "4194985"]
[EventDate "2015.10.02"]

1. e4 b6 2. d4 Bb7 3. Nc3 e6 4. Bd3 Nf6 5. Nge2 d5 6. e5 Nfd7 7. Nb1 c5 8. c3
Ba6 9. Be3 Bxd3 10. Qxd3 Be7 11. Nd2 O-O 12. O-O Qc8 13. f4 Qa6 14. Qxa6 Nxa6
15. f5 Nc7 16. fxe6 fxe6 17. a4 c4 18. Nf4 Rf5 19. g4 Rf7 20. Ng2 Rxf1+ 21. Kxf1
Nb8 22. Ke2 Nc6 23. b3 cxb3 24. Nxb3 a5 25. Kd3 b5 26. axb5 Nxb5 27. Ra4 Rc8 28.
Bd2 g5 29. Nxa5 Nd8 30. c4 dxc4+ 31. Rxc4 Ra8 32. Nc6 Ra3+ 33. Ke4 Nxc6 34. Rxc6
Kf7 35. Rb6 Nc7 36. Rb7 Nd5 37. Bxg5 Ke8 38. Bxe7 Nxe7 39. Nf4 Ra6 40. h4 Kf8
41. Rd7 Kf7 42. Rd6 Ra1 43. Rxe6 Re1+ 44. Kd3 Rf1 45. Rf6+ Ke8 46. Ne6 Rg1 47.
Ng7+ Kd7 48. Rd6+ Kc8 49. g5 Rg3+ 50. Ke4 Rg4+ 51. Kf3 Rxh4 52. Ne6 Nf5 53. Rd8+
Kb7 54. d5 Rh1 55. Kf4 Rf1+ 56. Ke4 Ng3+ 57. Kd3 Re1 58. Rd7+ Kc8 59. Rc7+ Kb8
60. Rxh7 Rxe5 61. Kd4 Re4+ 62. Kc5 Nf5 63. Rf7 Re5 64. g6 Nh6 65. Rf8+ Kb7 66.
g7 Re1 67. g8=Q Rc1+ 68. Kd6 Nxg8 69. Rxg8 Rc2 70. Ke7 Rh2 71. d6 Rh6 72. d7
Rh7+ 73. Rg7 1-0

[Event "Chigorin Mem Blitz 2015"]
[Site "St Petersburg RUS"]
[Date "2015.10.02"]
[Round "7.1"]
[White "Timofeev, Artyom"]
[Black "Demchenko, Anton"]
[Result "1/2-1/2"]
[WhiteTitle "GM"]
[BlackTitle "GM"]
[WhiteElo "2539"]
[BlackElo "2595"]
[WhiteFideId "4140419"]
[BlackFideId "4160258"]
[EventDate "2015.10.02"]

1. c4 Nf6 2. Nc3 g6 3. g3 Bg7 4. Bg2 O-O 5. d3 d6 6. Nf3 e5 7. O-O h6 8. Rb1 a5
9. a3 c6 10. b4 axb4 11. axb4 Be6 12. b5 Nbd7 13. e4 Nc5 14. h3 Nfd7 15. Re1 Qc7
16. Be3 Ra3 17. Qc2 Rfa8 18. Bc1 R3a5 19. Bd2 Ra3 20. Bc1 R3a7 21. Be3 Ra3 22.
Bc1 R3a5 23. Bd2 Nb6 24. Be3 Ra3 25. Bc1 R3a7 26. Be3 Ra5 27. Bf1 Ra3 28. Bc1
R3a5 29. Bd2 Ra3 30. Bc1 Ra1 31. Be3 Rxb1 32. Rxb1 Nbd7 33. Kh2 Ra3 34. Bc1 Ra8
35. Be3 Ra3 36. Bc1 Ra8 37. Be3 Ra3 1/2-1/2

[Event "Chigorin Mem Blitz 2015"]
[Site "St Petersburg RUS"]
[Date "2015.10.02"]
[Round "7.2"]
[White "Goganov, Aleksey"]
[Black "Lugovskoy, Maxim"]
[Result "1-0"]
[WhiteTitle "GM"]
[BlackTitle "IM"]
[WhiteElo "2603"]
[BlackElo "2470"]
[WhiteFideId "24109959"]
[BlackFideId "24126454"]
[EventDate "2015.10.02"]

1. e4 e6 2. d4 d5 3. Nc3 Bb4 4. e5 c5 5. a3 Bxc3+ 6. bxc3 Ne7 7. Qg4 Qc7 8. Qxg7
Rg8 9. Qxh7 cxd4 10. Ne2 Nbc6 11. f4 dxc3 12. h4 d4 13. h5 Bd7 14. Qd3 O-O-O 15.
h6 Kb8 16. h7 Rh8 17. Rb1 Be8 18. g4 Nd5 19. Rh6 f6 20. exf6 Rd7 21. Bg2 Rdxh7
22. Rxh7 Rxh7 23. Nxd4 Nxd4 24. Qxd4 Rh2 25. Bxd5 exd5 26. Qe5 Qxe5+ 27. fxe5
Rh1+ 28. Kf2 Bd7 29. e6 Rh2+ 30. Kg3 1-0

[Event "Chigorin Mem Blitz 2015"]
[Site "St Petersburg RUS"]
[Date "2015.10.02"]
[Round "7.3"]
[White "Pridorozhni, Aleksei"]
[Black "Amonatov, Farrukh"]
[Result "1-0"]
[WhiteTitle "GM"]
[BlackTitle "GM"]
[WhiteElo "2575"]
[BlackElo "2591"]
[WhiteFideId "4127870"]
[BlackFideId "14700077"]
[EventDate "2015.10.02"]

1. e4 c5 2. Nc3 d6 3. Nf3 Nf6 4. d4 cxd4 5. Nxd4 a6 6. Rg1 e5 7. Nb3 Be7 8. g4
Be6 9. g5 Nfd7 10. Be3 O-O 11. Nd5 a5 12. a4 Nc6 13. c3 Rc8 14. h4 Kh8 15. Qd2
f5 16. f3 fxe4 17. fxe4 Bxd5 18. Qxd5 Rf3 19. Qd2 Nb6 20. Qe2 Rf8 21. Bh3 Rb8
22. Be6 Qc7 23. Qb5 Nd7 24. O-O-O b6 25. Rgf1 Nc5 26. Nxc5 bxc5 27. Qc4 Qb6 28.
b3 Qc7 29. Rxf8+ Rxf8 30. Rf1 Qd8 31. Kc2 Qe8 32. Bd5 Nd8 33. Qb5 Qh5 34. Rxf8+
Bxf8 35. Qd7 c4 36. bxc4 1-0

[Event "Chigorin Mem Blitz 2015"]
[Site "St Petersburg RUS"]
[Date "2015.10.02"]
[Round "7.4"]
[White "Sandipan, Chanda"]
[Black "Chigaev, Maksim"]
[Result "1/2-1/2"]
[WhiteTitle "GM"]
[BlackTitle "IM"]
[WhiteElo "2567"]
[BlackElo "2521"]
[WhiteFideId "5004225"]
[BlackFideId "4108116"]
[EventDate "2015.10.02"]

1. d4 Nf6 2. c4 g6 3. Nc3 Bg7 4. e4 O-O 5. Be2 c6 6. Nf3 d5 7. e5 Ne4 8. O-O
Nxc3 9. bxc3 dxc4 10. Bxc4 c5 11. h3 cxd4 12. cxd4 Nc6 13. Be3 Na5 14. Bd3 Be6
15. Qa4 Bd5 16. Nd2 Bc6 17. Qa3 b6 18. Rac1 Qd7 19. Be4 Rac8 20. Bxc6 Nxc6 21.
Nf3 Qd5 22. Rfd1 a5 23. Qb3 Nb4 24. Nd2 Qxb3 25. axb3 Nd5 26. Nc4 Rc6 27. Na3
Rfc8 28. Rxc6 Rxc6 29. Rc1 Rxc1+ 30. Bxc1 Kf8 31. Kf1 Ke8 32. Ke2 Kd7 33. Kd3
Kc6 34. Bd2 e6 35. Nc4 Bf8 36. Ne3 Nf4+ 37. Ke4 Nd5 38. Nxd5 exd5+ 39. Kd3 Be7
40. g4 Kd7 41. f4 f5 42. Be1 1/2-1/2

[Event "Chigorin Mem Blitz 2015"]
[Site "St Petersburg RUS"]
[Date "2015.10.02"]
[Round "7.5"]
[White "Maletin, Pavel"]
[Black "Popov, Valerij"]
[Result "1-0"]
[WhiteTitle "GM"]
[BlackTitle "GM"]
[WhiteElo "2581"]
[BlackElo "2525"]
[WhiteFideId "4146786"]
[BlackFideId "4119410"]
[EventDate "2015.10.02"]

1. d4 d5 2. c4 c6 3. Nf3 Nf6 4. e3 a6 5. Nc3 e6 6. c5 b6 7. cxb6 Qxb6 8. Qc2
Nbd7 9. Be2 c5 10. O-O cxd4 11. Na4 Qb8 12. exd4 Bd6 13. Bd2 O-O 14. b4 Ne4 15.
Nc5 Nxd2 16. Qxd2 a5 17. a3 axb4 18. axb4 Nb6 19. Bd3 h6 20. Qc3 Bd7 21. Ne5 Qc7
22. Rfc1 Rfc8 23. Rxa8 Rxa8 24. Ncxd7 Qxc3 25. Rxc3 Nxd7 26. Nxd7 Ra1+ 27. Bf1
Bxb4 28. Rc8+ Kh7 29. Ne5 f6 30. Nf3 Kg6 31. g3 Ra7 32. Kg2 Kf7 33. Bd3 g5 34.
g4 Bd6 35. Rh8 Bf8 36. h4 Ra3 37. Rh7+ Bg7 38. hxg5 hxg5 39. Bb5 Rb3 40. Bd7 Rb6
41. Rh1 Rd6 42. Bb5 Rb6 43. Rb1 Rd6 44. Bd3 1-0

[Event "Chigorin Mem Blitz 2015"]
[Site "St Petersburg RUS"]
[Date "2015.10.02"]
[Round "7.6"]
[White "Iljiushenok, Ilia"]
[Black "Aleksandrov, Aleksej"]
[Result "1-0"]
[WhiteTitle "IM"]
[BlackTitle "GM"]
[WhiteElo "2491"]
[BlackElo "2606"]
[WhiteFideId "24105074"]
[BlackFideId "13500139"]
[EventDate "2015.10.02"]

1. d4 Nf6 2. c4 e6 3. Nc3 Bb4 4. e3 O-O 5. Ne2 Re8 6. a3 Bf8 7. Ng3 d5 8. Be2 a6
9. O-O c5 10. dxc5 Bxc5 11. b4 Bd6 12. Bb2 Nc6 13. cxd5 exd5 14. Bf3 Be5 15. Na4
Bxb2 16. Nxb2 Ne5 17. Be2 Bd7 18. Nd3 Nc4 19. Nf4 Bc6 20. Qd4 Nd6 21. Rfd1 Qe7
22. Bf3 Nde4 23. Nf5 Qd7 24. Nxg7 Ba4 25. Bxe4 Nxe4 26. Ngh5 Qg4 27. f3 Qg5 28.
fxe4 Bxd1 29. Rxd1 1-0

[Event "Chigorin Mem Blitz 2015"]
[Site "St Petersburg RUS"]
[Date "2015.10.02"]
[Round "7.8"]
[White "Kozionov, Kirill"]
[Black "Alekseev, Evgeny"]
[Result "0-1"]
[WhiteTitle "IM"]
[BlackTitle "GM"]
[WhiteElo "2409"]
[BlackElo "2642"]
[WhiteFideId "24101729"]
[BlackFideId "4138147"]
[EventDate "2015.10.02"]

1. b3 c5 2. Bb2 Nc6 3. e3 a6 4. Nf3 d5 5. Be2 Nf6 6. O-O Bf5 7. Nh4 Bd7 8. f4 g6
9. g4 h6 10. Qe1 d4 11. Qg3 Qc7 12. Bf3 O-O-O 13. Na3 g5 14. Ng2 Rg8 15. f5 Qxg3
16. hxg3 Bg7 17. Nc4 Kc7 18. exd4 Nxd4 19. Bxd4 cxd4 20. Rae1 e6 21. Ne5 exf5
22. gxf5 Bxf5 23. Nxf7 Rde8 24. Ne5 Bc8 25. g4 Re6 26. c3 dxc3 27. dxc3 Rge8 28.
Nd3 Rxe1 29. Rxe1 Rxe1+ 30. Ngxe1 Nxg4 31. c4 Ne5 32. Be4 Nxd3 33. Nxd3 b6 34.
Kf2 Be6 35. Ke3 a5 36. Nf2 Kd6 37. Nd3 h5 38. a3 h4 39. Bh1 g4 40. Kf4 Bh6+ 41.
Ke4 h3 42. Nf4 g3 43. Nxe6 g2 44. Bxg2 hxg2 0-1

[Event "Chigorin Mem Blitz 2015"]
[Site "St Petersburg RUS"]
[Date "2015.10.02"]
[Round "7.9"]
[White "Lintchevski, Daniil"]
[Black "Kotlyar, Kirill"]
[Result "1-0"]
[WhiteTitle "GM"]
[BlackTitle "FM"]
[WhiteElo "2562"]
[BlackElo "2370"]
[WhiteFideId "4171055"]
[BlackFideId "24145599"]
[EventDate "2015.10.02"]

1. e4 e5 2. Nf3 Nc6 3. Nc3 Nf6 4. a3 Nxe4 5. Nxe4 d5 6. Ng3 e4 7. Ng1 Bc5 8. d4
Bxd4 9. c3 Bb6 10. Be3 O-O 11. N1e2 f5 12. Nf4 Ne7 13. Bxb6 axb6 14. h4 Qd6 15.
Qd2 c5 16. O-O-O d4 17. Bc4+ Kh8 18. h5 h6 19. cxd4 cxd4 20. Ng6+ Nxg6 21. hxg6
Qxg6 22. Qxd4 Ra4 23. b3 Rxa3 24. Kb2 Ra5 25. Rxh6+ Qxh6 26. Rh1 1-0

[Event "Chigorin Mem Blitz 2015"]
[Site "St Petersburg RUS"]
[Date "2015.10.02"]
[Round "7.10"]
[White "Belous, Vladimir"]
[Black "Levin, Evgeny A."]
[Result "1-0"]
[WhiteTitle "GM"]
[BlackTitle "GM"]
[WhiteElo "2566"]
[BlackElo "2508"]
[WhiteFideId "4174003"]
[BlackFideId "4182596"]
[EventDate "2015.10.02"]

1. c4 Nf6 2. Nc3 e6 3. d4 Bb4 4. f3 O-O 5. a3 Bxc3+ 6. bxc3 Nh5 7. Nh3 f5 8. Bg5
Qe8 9. e3 d6 10. Be2 Nc6 11. O-O e5 12. c5 dxc5 13. f4 Nf6 14. fxe5 Ne4 15. Bf4
Be6 16. Qc2 Na5 17. c4 c6 18. Rad1 Rd8 19. Ng5 b6 20. Nxe4 fxe4 21. Bg5 Rd7 22.
dxc5 Rxd1 23. Rxd1 Qg6 24. Be7 Re8 25. Bd8 Bh3 26. Bf1 Bg4 27. Rd6 Qf5 28. h3
Bh5 29. g4 Qxe5 30. gxh5 Nb7 31. Bc7 Nxd6 32. Bxd6 Qg5+ 33. Kf2 Re6 34. Bf4 Qxc5
35. Qd2 Qe7 36. c5 Rf6 37. Bc4+ Kh8 38. Kg3 Rf8 39. Qd6 Qf6 40. h6 Qxd6 41. cxd6
Rf5 42. d7 1-0

[Event "Chigorin Mem Blitz 2015"]
[Site "St Petersburg RUS"]
[Date "2015.10.02"]
[Round "7.11"]
[White "Matsenko, Sergei"]
[Black "Slugin, Sergey"]
[Result "1/2-1/2"]
[WhiteTitle "IM"]
[BlackTitle "IM"]
[WhiteElo "2531"]
[BlackElo "2362"]
[WhiteFideId "4170083"]
[BlackFideId "4122569"]
[EventDate "2015.10.02"]

1. Nf3 Nc6 2. d4 d5 3. Bf4 Bg4 4. Nbd2 e6 5. h3 Bh5 6. e3 Bd6 7. Bxd6 Qxd6 8.
Be2 Nf6 9. O-O O-O 10. c4 e5 11. cxd5 Qxd5 12. dxe5 Nxe5 13. Nxe5 Bxe2 14. Qxe2
Qxe5 15. Nf3 Qa5 16. Rfc1 c6 17. Nd4 Rad8 18. a3 Rfe8 19. b4 Qd5 20. Qc4 a5 21.
b5 Qxc4 22. Rxc4 cxb5 23. Nxb5 Rd2 24. Rd4 Rb2 25. Nd6 Rd8 26. Rc1 h5 27. Rc7
Rd7 28. Rxd7 Nxd7 29. Nxf7 Kxf7 30. Rxd7+ Kf6 31. a4 Rb4 32. g3 b5 33. axb5 Rxb5
34. Ra7 g5 35. Kg2 Kf5 36. Ra6 Rc5 37. Kf3 g4+ 38. Kg2 Ke4 39. hxg4 hxg4 40. Rf6
Kd3 41. Rd6+ Kc3 42. f3 a4 43. fxg4 Ra5 44. Kf3 a3 45. Kf4 a2 46. Rd1 a1=Q 47.
Rxa1 Rxa1 48. g5 Kc4 49. Ke5 Rg1 50. g6 Rxg3 51. Kf6 Rxe3 52. g7 Rg3 1/2-1/2

[Event "Chigorin Mem Blitz 2015"]
[Site "St Petersburg RUS"]
[Date "2015.10.02"]
[Round "7.12"]
[White "Iljin, Timofey"]
[Black "Smirnov, Artem"]
[Result "1-0"]
[WhiteTitle "IM"]
[BlackTitle "IM"]
[WhiteElo "2266"]
[BlackElo "2419"]
[WhiteFideId "14110180"]
[BlackFideId "4143256"]
[EventDate "2015.10.02"]

1. d4 Nf6 2. c4 c5 3. d5 e5 4. Nc3 d6 5. e4 Be7 6. Nf3 Nbd7 7. g3 O-O 8. Bg2 a6
9. a4 Ne8 10. O-O b6 11. Ne1 Ra7 12. Nd3 g6 13. Bh6 Ng7 14. Qd2 Nf6 15. h3 Kh8
16. f4 exf4 17. gxf4 Ng8 18. Bg5 h6 19. Bxe7 Qxe7 20. Rae1 Qh4 21. Qf2 Qxf2+ 22.
Kxf2 Re7 23. e5 Bf5 24. exd6 Rxe1 25. Nxe1 Nf6 26. Nf3 Nge8 27. a5 bxa5 28. Na4
Nxd6 29. b3 Nfe4+ 30. Kg1 Rb8 31. Ne5 Kg7 32. Rf3 Nd2 33. Rf2 Nxb3 34. Nc6 Re8
35. Rb2 Nd4 36. Nxc5 Nxc4 37. Rb7 Re1+ 38. Kh2 Ne2 39. Ne5 Ne3 40. Rxf7+ Kg8 41.
Ne6 Rd1 42. Rd7 Rd2 43. Bf3 Nd4+ 44. Kg3 Nf1+ 45. Kh4 Nh2 46. Bg4 Bxg4 47. hxg4
Nhf3+ 48. Nxf3 Nxf3+ 49. Kg3 Ne1 50. f5 gxf5 51. gxf5 Rg2+ 52. Kf4 Rd2 53. Ke5
Nd3+ 54. Kf6 Nf2 55. Rd8+ Kh7 56. d6 Ng4+ 57. Ke7 Ne5 58. f6 Kg6 59. Rg8+ Kf5
60. Rg1 Nc6+ 61. Kf7 Ne5+ 62. Ke7 Nc6+ 63. Ke8 Kxe6 64. f7 Rf2 65. Rg6+ Kd5 66.
Rxh6 Ne5 67. f8=Q Rxf8+ 68. Kxf8 a4 69. Ke7 a3 70. Rh3 Nc4 71. d7 Ne5 72. d8=Q+
Ke4 73. Rh4+ Kf5 74. Qc8+ Kg5 75. Rh1 a2 76. Qe6 Ng6+ 77. Kd8 Nf4 78. Rg1+ Kh5
79. Qg4+ 1-0

[Event "Chigorin Mem Blitz 2015"]
[Site "St Petersburg RUS"]
[Date "2015.10.02"]
[Round "8.2"]
[White "Eliseev, Urii"]
[Black "Timofeev, Artyom"]
[Result "1/2-1/2"]
[WhiteTitle "GM"]
[BlackTitle "GM"]
[WhiteElo "2536"]
[BlackElo "2539"]
[WhiteFideId "24131920"]
[BlackFideId "4140419"]
[EventDate "2015.10.02"]

1. e4 e6 2. d4 d5 3. Nc3 Nc6 4. Nf3 Nf6 5. e5 Ne4 6. Bd3 Bb4 7. O-O Nxc3 8. bxc3
Bxc3 9. Rb1 h6 10. Be3 Bb4 11. Nd2 Qe7 12. Qg4 g6 13. Qf4 b6 14. Nf3 Bd7 15. h4
O-O-O 16. Bb5 Na5 17. Ba6+ Kb8 18. Bd2 Bxd2 19. Qxd2 Nc4 20. Qc3 Qa3 21. Qxa3
Nxa3 22. Rb3 Nc4 23. Rd1 Ba4 24. Rc3 b5 25. Bxb5 Bxb5 26. Rb1 c6 27. a4 a6 28.
Ne1 Kc7 29. axb5 cxb5 30. Rf3 Rhf8 31. Rf6 Kc6 32. Nd3 a5 33. h5 gxh5 34. Rxh6
b4 35. f4 Na3 36. Rc1 Kb5 37. Nc5 Rc8 38. Rxh5 Rxc5 39. dxc5 Rc8 40. Rh7 Rxc5
41. Rxf7 a4 42. f5 exf5 43. e6 Rc8 44. e7 Re8 45. Re1 Nc4 46. Rxf5 Kc5 47. Rf8
Nd6 48. Re6 b3 49. cxb3 axb3 50. Rxd6 b2 51. Rxd5+ Kxd5 52. Rxe8 b1=Q+ 53. Kh2
Qh7+ 54. Kg1 Qb1+ 55. Kh2 Qh7+ 56. Kg1 Ke6 57. Rf8 Kxe7 58. Rf3 Qe4 59. Kf2 Qc4
60. Kg1 Ke6 61. Kh2 Ke5 62. Kg1 Ke4 63. Kh2 Qe2 64. Kg1 Qe1+ 65. Kh2 Kd4 66. Rh3
Ke5 67. Rf3 Ke4 68. Rh3 Kf4 69. Rf3+ Kg4 70. Rh3 Qe5+ 71. Kg1 Qe2 72. Rf3 Qxf3
73. gxf3+ Kxf3 1/2-1/2

[Event "Chigorin Mem Blitz 2015"]
[Site "St Petersburg RUS"]
[Date "2015.10.02"]
[Round "8.3"]
[White "Pridorozhni, Aleksei"]
[Black "Maletin, Pavel"]
[Result "1-0"]
[WhiteTitle "GM"]
[BlackTitle "GM"]
[WhiteElo "2575"]
[BlackElo "2581"]
[WhiteFideId "4127870"]
[BlackFideId "4146786"]
[EventDate "2015.10.02"]

1. e4 g6 2. d4 Bg7 3. c4 c5 4. d5 d6 5. Bd3 e6 6. Ne2 Ne7 7. Nbc3 O-O 8. O-O h6
9. Rb1 a6 10. a3 Nd7 11. f4 exd5 12. exd5 b5 13. cxb5 axb5 14. Bxb5 Nf5 15. Bc6
Rb8 16. b4 cxb4 17. axb4 Nb6 18. Qb3 Qe7 19. b5 Ne3 20. Rf3 Nec4 21. h3 Bf5 22.
Ra1 Be4 23. Rf2 Bd3 24. Ra2 Kh7 25. Kh2 h5 26. Qd1 Bf5 27. Nd4 Bc8 28. Nce2 Ne3
29. Qd3 Nf5 30. Bb2 Ne3 31. Bc1 Nf5 32. Nf3 h4 33. Bb2 Bxb2 34. Rxb2 Na4 35. Rb1
Nc5 36. Qa3 Ne4 37. Rff1 Neg3 38. Nxg3 hxg3+ 39. Kh1 Qf6 40. Ng5+ Kg8 41. Ne4
Qh4 42. Rb3 Nd4 43. Rxg3 Nxb5 44. Qb2 Bf5 45. Nf6+ Kh8 46. Rb3 Rfd8 47. Nd7+ f6
48. Nxb8 Nc7 1-0

[Event "Chigorin Mem Blitz 2015"]
[Site "St Petersburg RUS"]
[Date "2015.10.02"]
[Round "8.4"]
[White "Alekseev, Evgeny"]
[Black "Iljiushenok, Ilia"]
[Result "1-0"]
[WhiteTitle "GM"]
[BlackTitle "IM"]
[WhiteElo "2642"]
[BlackElo "2491"]
[WhiteFideId "4138147"]
[BlackFideId "24105074"]
[EventDate "2015.10.02"]

1. e4 e5 2. Nf3 Nc6 3. Bb5 Nf6 4. d3 Bc5 5. c3 O-O 6. O-O d6 7. Nbd2 a6 8. Ba4
Ba7 9. h3 Ne7 10. Re1 Ng6 11. Nf1 Nh5 12. d4 Qe7 13. Be3 Ngf4 14. Ng3 Nxg3 15.
fxg3 Ng6 16. Bc2 Bd7 17. g4 Rae8 18. Qd2 Nh4 19. Nh2 Ng6 20. Kh1 Bc6 21. Bf2 Nf4
22. Nf3 Qf6 23. dxe5 dxe5 24. Bxa7 Nxh3 25. g5 Qf4 26. Qxf4 Nxf4 27. Bc5 1-0

[Event "Chigorin Mem Blitz 2015"]
[Site "St Petersburg RUS"]
[Date "2015.10.02"]
[Round "8.5"]
[White "Bodnaruk, Anastasia"]
[Black "Lintchevski, Daniil"]
[Result "0-1"]
[WhiteTitle "IM"]
[BlackTitle "GM"]
[WhiteElo "2459"]
[BlackElo "2562"]
[WhiteFideId "4181751"]
[BlackFideId "4171055"]
[EventDate "2015.10.02"]

1. e4 c5 2. Nf3 Nf6 3. Nc3 Nc6 4. Bb5 Qc7 5. O-O Nd4 6. Bc4 a6 7. a4 e6 8. d3
Ng4 9. g3 Nxf3+ 10. Qxf3 Ne5 11. Qg2 Nxc4 12. dxc4 Be7 13. f4 d6 14. g4 b6 15.
g5 Bb7 16. Be3 O-O-O 17. Qf2 f5 18. b4 cxb4 19. Bxb6 Qxc4 20. Bxd8 Rxd8 21. Ne2
Qxe4 22. Ng3 Qc6 23. a5 d5 24. Kg2 h6 25. h4 hxg5 26. fxg5 d4+ 27. Kh3 Bxg5 28.
Nxf5 Bf6 29. Ng3 d3 30. cxd3 Bxa1 31. Rxa1 Rxd3 32. Qf8+ Rd8 33. Qxb4 Qg2+ 34.
Kg4 Qf3+ 35. Kh3 Qg2+ 36. Kg4 Kb8 37. Qf4+ Ka8 38. Rb1 e5 39. Qxe5 Bc8+ 40. Kg5
Rd5 41. Rb8+ Ka7 0-1

[Event "Chigorin Mem Blitz 2015"]
[Site "St Petersburg RUS"]
[Date "2015.10.02"]
[Round "8.6"]
[White "Chigaev, Maksim"]
[Black "Iljin, Timofey"]
[Result "0-1"]
[WhiteTitle "IM"]
[BlackTitle "IM"]
[WhiteElo "2521"]
[BlackElo "2266"]
[WhiteFideId "4108116"]
[BlackFideId "14110180"]
[EventDate "2015.10.02"]

1. e4 d5 2. exd5 Nf6 3. d4 Bg4 4. f3 Bf5 5. c4 e6 6. g4 Bg6 7. Nc3 exd5 8. h4 h6
9. Bd3 Bxd3 10. Qxd3 dxc4 11. Qxc4 Bd6 12. Nge2 Nbd7 13. Bd2 Nb6 14. Qb3 Qd7 15.
O-O-O O-O-O 16. Kb1 c6 17. Nf4 Bc7 18. Bc1 Nfd5 19. Nd3 Nxc3+ 20. bxc3 Qd5 21.
Qxd5 Nxd5 22. Kc2 Rhe8 23. Rde1 Rxe1 24. Rxe1 Bg3 25. Rh1 Re8 26. Bd2 Re2 27.
Kd1 Rg2 28. h5 b6 29. f4 c5 30. dxc5 bxc5 31. c4 Nb6 32. Ne5 Rxd2+ 33. Kxd2
Bxf4+ 34. Kd3 Bxe5 35. Rf1 f6 36. Rb1 Kc7 37. Rb5 Bd4 38. Rb1 Nd7 39. Ke4 Ne5
40. Kf5 Nxc4 41. Kg6 Ne5+ 42. Kxg7 Nxg4 43. Kg6 Kd6 44. Kf5 Ne3+ 45. Kg6 c4 46.
Kxh6 c3 47. Kg6 f5 48. h6 f4 49. h7 c2 50. Rb4 Bc3 51. Rb8 c1=Q 52. Rd8+ Ke7 53.
Rc8 Qc2+ 54. Kh6 Qh2+ 55. Kg6 Qg3+ 56. Kh6 Nf5+ 57. Kh5 Ng7+ 58. Kh6 Qh4+ 59.
Kg6 Qg4+ 60. Kh6 Qxc8 61. Kg6 Qf5+ 62. Kh6 Qh5# 0-1

[Event "Chigorin Mem Blitz 2015"]
[Site "St Petersburg RUS"]
[Date "2015.10.02"]
[Round "8.7"]
[White "Gubajdullin, Alexei"]
[Black "Belous, Vladimir"]
[Result "0-1"]
[WhiteTitle "FM"]
[BlackTitle "GM"]
[WhiteElo "2359"]
[BlackElo "2566"]
[WhiteFideId "4141202"]
[BlackFideId "4174003"]
[EventDate "2015.10.02"]

1. Nf3 c5 2. e3 Nf6 3. b3 g6 4. Bb2 Bg7 5. d4 O-O 6. Nbd2 d5 7. Bd3 Nc6 8. a3
Nd7 9. Bb5 cxd4 10. exd4 Qb6 11. Bxc6 bxc6 12. O-O a5 13. Re1 e6 14. a4 Ba6 15.
Qc1 Rfc8 16. Bc3 c5 17. dxc5 Qxc5 18. Bxg7 Kxg7 19. Qb2+ Qc3 20. Ra2 Rab8 21.
Nb1 Qxb2 22. Rxb2 Nc5 23. Nd4 Ne4 24. f3 Nc5 25. Ra2 Rb4 26. Rd1 e5 27. Nb5 d4
28. N1a3 0-1